Ο Μακεδονικός αγώνας (1904-1908) : ως κορυφαία φάση των αγώνων των Ελλήνων για τη Μακεδονία

Αποθηκεύτηκε σε:
Λεπτομέρειες βιβλιογραφικής εγγραφής
Κύριος συγγραφέας: Βακαλόπουλος, Απόστολος Ε., 1909-2000
Μορφή: Βιβλίο
Γλώσσα:Greek
Δημοσίευση: Θεσσαλονίκη : Ίδρυμα Μελετών Χερσονήσου του Αίμου, 1985.
Σειρά:Ίδρυμα Μελετών Χερσονήσου του Αίμου (Σειρά) ; 208
Θέματα:
Ετικέτες: Προσθήκη ετικέτας
Δεν υπάρχουν, Καταχωρήστε ετικέτα πρώτοι!

MARC

LEADER 00000cam a2200000 i 4500
001 1/99457
008 081215s1985 gr | ||| |||| ||gre||
035 |l 10102468 
040 |a GR-MY-UA  |b gre  |e aacr 
041 0 |a gre 
082 0 |a 938.664 
100 1 |a Βακαλόπουλος, Απόστολος Ε.,   |d 1909-2000. 
245 1 2 |a Ο Μακεδονικός αγώνας (1904-1908) :   |b ως κορυφαία φάση των αγώνων των Ελλήνων για τη Μακεδονία /   |c Απόστολου Ε. Βακαλόπουλου.  
260 |a Θεσσαλονίκη :   |b Ίδρυμα Μελετών Χερσονήσου του Αίμου,   |c 1985.  
300 |a 37 σ. ;   |c 21 εκ.  
490 1 |a (Ιδρυμα Μελετών Χερσονήσου του Αίμου ;   |v 208)  
650 0 0 |a Greeks  |z Macedonia  |x History  |y 20th century. 
651 0 |a Macedonia (Greece)  |x History  |y 1903-1908. 
830 0 |a Ίδρυμα Μελετών Χερσονήσου του Αίμου (Σειρά)  |v ; 208 
852 |a INST  |b LESVOS  |e 20230808  |h 938.664 ΒΑΚ  |p 005100064438  |q 005100064438  |t BK  |y 0 
852 |a INST  |b RHODES  |c AKA  |e 20081215  |h  938.664 ΒΑΚ  |p 005400031547  |q 005400031547  |t BK  |y 0 
901 |a BIBL4-2008-3 
909 |a Ρ  |b 156609 
970 |a ΚΟΖΑ  |b ΜΑΡΙΑ  |z 2008/12/15